000 00209nam a2200085Ia 4500
008 120527s9999 xx 000 0 und d
100 _aHeftmann, Erich
245 _aModern method of steriod analysis
942 _cBK
999 _c27802
_d27802